| 000 | 01133cam a2200241 4500 | ||
|---|---|---|---|
| 001 | Wb3633-05 | ||
| 008 | 000000n2000 000 0 eng u | ||
| 035 | _a(Sirsi) u107948 | ||
| 245 | _aLobbying for heritage property | ||
| 260 | _c2000 | ||
| 490 |
_aTimes _v 18 August 2000, 25(1) |
||
| 520 | _aThe Historic Houses Association (HHA) believes that financial support for the upkeep of historic privately-owned properties, should move away from grants, which are only available in a crisis, towards tax relief. Since the scrapping of 'one estate election' as part of the Finance Act 1998, the HHA lobbies for VAT relief on maintenance and repairs on old buildings, and believes rates should be homogenised at 5% with repairs on new buildings. | ||
| 590 | _aWB | ||
| 650 | _aHISTORIC HOUSES ASSOCIATION | ||
| 650 | _aFINANCE ACT 1998 | ||
| 650 | _aHISTORIC HOUSES | ||
| 650 | _aTAX RELIEF | ||
| 650 | _aNEW BUILDINGS | ||
| 650 | _aBUILT ENVIRONMENT-BUILDING MAINTENANCE AND REFURBISHMENT | ||
| 650 | _aREPAIRS | ||
| 690 | _aBUILT ENVIRONMENT-BUILDING MAINTENANCE AND REFURBISHMENT-BUILDING CONSERVATION | ||
| 942 | _n0 | ||
| 999 |
_c64483 _d64483 |
||